000 01547nam0a22003251 4500
001 RU\NLR\INFOCOMM_17\5000670820
005 20250613095449.0
035 _a(NLR Aleph) 009295546
090 _a9246853
_c9246853
100 _a20101006d1992 |||y0rusy50 ca
101 0 _aeng
_drus
102 _aRU
105 _aa ||||000|y
200 1 _aExperimental setup for study of hadron and hard photon production in nucleus-nucleus collisions
_fV. I. Yurevich, R. M. Yakovlev, V. G. Lyapin et al.
210 _aДубна
_cОбъед. ин-т ядер. исслед.
_d1992
215 _a14 с.
_cил.
_d21 см
225 1 _aСообщения Объединенного института ядерных исследований, Дубна
_vЕ1-92-249
300 _aНа 3-й с. обл.: Экспериментальная установка для изучения образования адронов и жестких фотонов в ядро-ядерные столкновения / Юревич В. И. и др.
300 _aРез. на рус. яз.
320 _aБиблиогр.: с. 14
606 _aАдроны
_xРождение при столкновениях ядер
_2nlr_sh1
606 _aФотоны
_xОбразование при столкновении ядер
_2nlr_sh1
686 _aВ383.5
_2rubbk
701 1 _9z02790
_aJurevič
_bV. I.
_4070
790 1 _9z02701
_aYurevich
_bV. I.
_4070
801 1 _aRU
_bNLR
_c20101006
801 0 _aRU
_bNLR
_gPSBO
852 _aNLR
_jФз01 Д-4/6802
942 _cBOOK
980 _aNB